Jump from the sky

Bibliographic Details
Main Author: Murray, W
Format: Book
Published: Loughborough : Ladybirds Books Ltd , 19--
Series:Key words with Peter and Jane
Subjects:

MARC

LEADER 00000cam a2200000 7i4500
001 0000007334
005 20140709.0
020 |a 0721405452 
020 |a 9781409301455 
090 0 0 |a JF   |b MUR 
100 1 |a Murray, W 
245 1 0 |a Jump from the sky   |c W. Murray 
260 |a Loughborough :   |b Ladybirds Books Ltd ,   |c 19-- 
300 |a 51p. :   |b ill. ;   |c 18cm. 
490 0 |a Key words with Peter and Jane 
500 |a Play & Learn Library 
650 0 0 |a Children's stories 
999 |a 00237816   |b BUKU   |c PINJAMAN   |e PERPUSTAKAAN KOMUNITI PETALING JAYA 
999 |a 00237817   |b BUKU   |c PINJAMAN   |e PERPUSTAKAAN KOMUNITI PETALING JAYA 
999 |a 00237818   |b BUKU   |c PINJAMAN   |e PERPUSTAKAAN KOMUNITI CAW KOTA DAMANSARA 
999 |a 00237819   |b BUKU   |c PINJAMAN   |e PERPUSTAKAAN KOMUNITI CAW KOTA DAMANSARA 
999 |a 00267749   |b BUKU   |c PINJAMAN   |e PERPUSTAKAAN KOMUNITI PETALING JAYA 
999 |a 00272670   |b BUKU   |c PINJAMAN   |e PERPUSTAKAAN KOMUNITI CAW TAMAN MEDAN 
999 |a 00298477   |b BUKU   |c JUNIOR REFERENCE   |e PERPUSTAKAAN KOMUNITI PETALING JAYA 
999 |a 00298478   |b BUKU   |c JUNIOR REFERENCE   |e PERPUSTAKAAN KOMUNITI PETALING JAYA 
999 |a 00309746   |b BUKU   |c PINJAMAN   |e PERPUSTAKAAN KOMUNITI CAW KOTA DAMANSARA 
999 |a 00317725   |b BUKU   |c PINJAMAN   |e PERPUSTAKAAN KOMUNITI PETALING JAYA 
999 |a 00332230   |b BUKU   |c PINJAMAN   |e PERPUSTAKAAN KOMUNITI CAW BANDAR UTAMA 
999 |a 00332231   |b BUKU   |c PINJAMAN   |e PERPUSTAKAAN KOMUNITI CAW BANDAR UTAMA 
999 |a 00332232   |b BUKU   |c PINJAMAN   |e PERPUSTAKAAN KOMUNITI CAW BANDAR UTAMA 
999 |a 003332232   |b BUKU   |c PINJAMAN   |e PERPUSTAKAAN KOMUNITI CAW BANDAR UTAMA 
999 |a 052591   |b BUKU   |c PINJAMAN   |e MOBILE LIBRARY PKPJ 
999 |a 052592   |b BUKU   |c PINJAMAN   |e PERPUSTAKAAN KOMUNITI PETALING JAYA 
999 |a 052593   |b BUKU   |c PINJAMAN   |e MOBILE LIBRARY PKPJ 
999 |a 054913   |b BUKU   |c PINJAMAN   |e PERPUSTAKAAN KOMUNITI PETALING JAYA 
999 |a 054914   |b BUKU   |c PINJAMAN   |e PERPUSTAKAAN KOMUNITI PETALING JAYA 
999 |a 1117974   |b BUKU   |c PINJAMAN   |e PERPUSTAKAAN KOMUNITI PETALING JAYA 
999 |a 117972   |b BUKU   |c PINJAMAN   |e MOBILE LIBRARY PKPJ 
999 |a 117973   |b BUKU   |c PINJAMAN   |e MOBILE LIBRARY PKPJ 
999 |a 117974   |b BUKU   |c PINJAMAN   |e MOBILE LIBRARY PKPJ 
999 |a 117975   |b BUKU   |c PINJAMAN   |e PERPUSTAKAAN KOMUNITI PETALING JAYA 
999 |a 117976   |b BUKU   |c PINJAMAN   |e PERPUSTAKAAN KOMUNITI PETALING JAYA